000 01164cam a2200301 i 4500
001 5731
003 BD-RjUL
005 20211208234122.0
008 140107s1978 cau b 001 0 eng
035 _a(BD-RjUL)5770
040 _aDLC
_cDLC
_dDLC
_dBD-RjUL
_beng
041 _aeng
082 0 0 _a300.72073
_bEVA 1978
245 0 0 _aEvaluating federally sponsored programs /
_cCharlotte C. Rentz, R. Robert Rentz, issue editors.
260 _aSan Francisco :
_bJossey-Bass,
_cc1978.
300 _aix, 98 p. ;
_c24 cm.
504 _aIncludes bibliographies and index.
650 0 _aEvaluation research (Social action programs)
_zUnited States.
_917506
650 0 _aEducational accountability
_zUnited States.
_917986
650 0 _aFederal aid to law enforcement agencies
_zUnited States
_xEvaluation.
_917987
700 1 _aRentz, Charlotte C.
_917988
700 1 _aRentz, R. Robert.
_917989
856 _uhttp://www.worldcat.org/title/evaluating-federally-sponsored-programs/oclc/4283656&referer=brief_results
942 _2ddc
_cBK
999 _c5731
_d5731